000
00326nam a22001337a 4500
008
180302b xxu||||| |||| 00| 0 eng d
020
_a
078073531233
041
_a
eng
080
_a
371
100
_a
25
101
_a
EDU
245
_a
Reading & Writing Informational Text in the Primary Grades
_c
Duke, N.K
942
_2
udc
_c
BK
999
_c
44056
_d
44056